000 00300nam a2200133Ia 4500
005 20251222144732.0
008 251222s9999||||xx |||||||||||||| ||spa||
020 _a84-310-2670-7
082 _a781.68/S71
100 _aSotillos, E.Borrell, A.
245 0 _aMozart:
264 _bToray
942 _cLIB
999 _c18620
_d18620